| 000 | 00543nam a2200205Ia 4500 | ||
|---|---|---|---|
| 008 | 160114s9999 xx 000 0 und d | ||
| 020 | _a0-439490294 | ||
| 050 | _aFic | ||
| 050 | _b.S528t 2008 | ||
| 100 | _aShannon David | ||
| 245 |
_aToo many toys / _cDavid Shannon. |
||
| 260 |
_aNew York _bScholastic, Inc. _c2008 |
||
| 300 |
_bcolor illustrations ; _c29 cm |
||
| 650 | _aParent and child -- | ||
| 650 | _aParent and child -- | ||
| 650 | _aToys -- | ||
| 650 | _xFiction. | ||
| 650 | _xFiction. | ||
| 650 | _xJuvenile fiction. | ||
| 999 |
_c290376 _d290376 |
||